[Event "Ruhrgebiet Verbandsklasse Gruppe 1 1718"]
[Site "Germany"]
[Date "2018.02.25"]
[Round "7.5"]
[White "Brandhorst, Dieter"]
[Black "Regber, Karl Heinz"]
[Result "1/2-1/2"]
[WhiteElo "1898"]
[BlackElo "1613"]
[PlyCount "98"]
[EventDate "2017.09.17"]
[EventType "team-tourn"]
[EventRounds "9"]
[EventCountry "GER"]
[SourceTitle "EXT 2022"]
[Source "ChessBase"]
[SourceDate "2021.10.06"]
[SourceVersion "1"]
[SourceVersionDate "2021.10.06"]
[SourceQuality "1"]
[WhiteTeam "Bergeborbeck Wacker"]
[BlackTeam "Eving SV Rochade"]
[WhiteTeamCountry "GER"]
[BlackTeamCountry "GER"]

1. e4 e6 2. d4 d5 3. e5 c5 4. c3 cxd4 5. cxd4 a6 6. Nf3 Nc6 7. Nc3 Nge7 8. Bd3 Nf5 9. Bxf5 exf5 10. Qb3 Be6 11. Qxb7 Na5 12. Bg5 Nxb7 13. Bxd8 Rxd8 14. 0-0 Be7 15. a3 0-0 16. Rfc1 Rc8 17. b4 Rc7 18. Na4 Rfc8 19. Nc5 a5 20. Rcb1 Ra8 21. Ne1 axb4 22. axb4 Rxa1 23. Rxa1 Nxc5 24. Ra8+ Bc8 25. dxc5 Bxc5 26. bxc5 Rxc5 27. Nd3 Rc3 28. Kf1 g6 29. Ke2 Kg7 30. Kd2 Rc4 31. Nb2 Rc7 32. Nd3 Be6 33. Rd8 g5 34. Rd6 Rc4 35. g3 Ra4 36. Nc5 Ra2+ 37. Ke3 Ra3+ 38. Ke2 Ra2+ 39. Kf3 Ra3+ 40. Kg2 Bc8 41. e6 fxe6 42. Nxe6+ Bxe6 43. Rxe6 Rd3 44. Kf1 h5 45. Ke2 Rd4 46. Rd6 f4 47. gxf4 gxf4 48. Kf3 Kh7 49. h4 Kg7 1/2-1/2

[Event "Ruhrgebiet Verbandsliga Gruppe 1 1617"]
[Site "Germany"]
[Date "2017.03.12"]
[Round "8.7"]
[White "Regber, Karl Heinz"]
[Black "Schmidt, Ralph"]
[Result "0-1"]
[WhiteElo "1599"]
[BlackElo "1945"]
[PlyCount "82"]
[EventDate "2016.09.04"]
[EventType "team-tourn"]
[EventRounds "9"]
[EventCountry "GER"]
[SourceTitle "EXT 2022"]
[Source "ChessBase"]
[SourceDate "2021.10.06"]
[SourceVersion "1"]
[SourceVersionDate "2021.10.06"]
[SourceQuality "1"]
[WhiteTeam "Eving SV Rochade"]
[BlackTeam "Bochum-Linden"]
[WhiteTeamCountry "GER"]
[BlackTeamCountry "GER"]

1. Nf3 d5 2. d4 Nf6 3. e3 g6 4. c4 Bg7 5. cxd5 Nxd5 6. Nc3 e6 7. Bd2 0-0 8. Be2 Re8 9. 0-0 Nd7 10. Nxd5 exd5 11. Bc3 Nf6 12. Rc1 Ne4 13. Qb3 Nxc3 14. bxc3 Re6 15. c4 Rb6 16. Qc3 dxc4 17. Bxc4 c5 18. Ne5 cxd4 19. exd4 Be6 20. Bxe6 Rxe6 21. f4 Qd5 22. Rfd1 Rae8 23. Qc7 R6e7 24. Qc4 Qe4 25. Rf1 Rd8 26. Rcd1 Qd5 27. Qxd5 Rxd5 28. Rc1 Rxd4 29. Rc8+ Bf8 30. Ng4 Re2 31. Nf6+ Kg7 32. Ne8+ Kh6 33. Nf6 Rdd2 34. Ng4+ Kg7 35. Nf2 b6 36. f5 Bc5 37. Rxc5 bxc5 38. f6+ Kh6 39. Ng4+ Kg5 40. h3 Rxg2+ 41. Kh1 h5 0-1

[Event "Ruhrgebiet Verbandsliga Gruppe 1 1617"]
[Site "Germany"]
[Date "2017.01.29"]
[Round "6.7"]
[White "Krieglstein, Marcel"]
[Black "Regber, Karl Heinz"]
[Result "1-0"]
[WhiteElo "1805"]
[BlackElo "1599"]
[PlyCount "60"]
[EventDate "2016.09.04"]
[EventType "team-tourn"]
[EventRounds "9"]
[EventCountry "GER"]
[SourceTitle "EXT 2022"]
[Source "ChessBase"]
[SourceDate "2021.10.06"]
[SourceVersion "1"]
[SourceVersionDate "2021.10.06"]
[SourceQuality "1"]
[WhiteTeam "Holsterhausen SK"]
[BlackTeam "Eving SV Rochade"]
[WhiteTeamCountry "GER"]
[BlackTeamCountry "GER"]

1. d4 Nf6 2. c4 g6 3. Nc3 Bg7 4. e4 d6 5. Be2 0-0 6. f4 e5 7. fxe5 dxe5 8. d5 Nbd7 9. Nf3 Nh5 10. 0-0 Nf4 11. Be3 b6 12. Qd2 g5 13. Bd1 f6 14. Rb1 Ba6 15. b3 h6 16. Ne1 Ng6 17. Bg4 Ne7 18. a4 Bb7 19. Rd1 Nc5 20. Bxc5 bxc5 21. Nd3 c6 22. Qf2 cxd5 23. cxd5 f5 24. exf5 e4 25. Nxc5 Qb6 26. N3xe4 Bxd5 27. f6 Bxf6 28. Nxf6+ Kg7 29. Nh5+ Kg8 30. Qd4 Qg6 1-0

[Event "Dortmund Sparkassen op-B 44th"]
[Site "Dortmund"]
[Date "2016.07.14"]
[Round "6"]
[White "Von Kampen, Sebastian"]
[Black "Regber, Karl Heinz"]
[Result "0-1"]
[WhiteElo "1587"]
[BlackElo "1632"]
[PlyCount "58"]
[EventDate "2016.07.09"]
[EventType "swiss"]
[EventRounds "9"]
[EventCountry "GER"]
[SourceTitle "CBM 173 Extra"]
[Source "ChessBase"]
[SourceDate "2016.08.29"]
[SourceVersion "1"]
[SourceVersionDate "2016.08.29"]
[SourceQuality "1"]

1. e4 c5 2. Nc3 Nc6 3. Nf3 g6 4. b3 Bg7 5. Bb2 d6 6. Bc4 e6 7. 0-0 a6 8. a4 Nge7 9. Re1 0-0 10. Qc1 d5 11. exd5 exd5 12. Bd3 Bg4 13. Qd1 Nd4 14. Be2 Nxe2+ 15. Qxe2 Nf5 16. h3 Nd4 17. Qd1 Nxf3+ 18. gxf3 Bxh3 19. f4 Qh4 20. Qf3 Bd4 21. Re2 Bg4 22. Qd3 Bxe2 23. Qxe2 Qg3+ 24. Kf1 Qh3+ 25. Kg1 Rae8 26. Qf1 Qg3+ 27. Qg2 Bxf2+ 28. Kf1 Qxg2+ 29. Kxg2 Bd4 0-1

[Event "Dortmund Sparkassen op-B 44th"]
[Site "Dortmund"]
[Date "2016.07.12"]
[Round "4"]
[White "Unkrig, Frank"]
[Black "Regber, Karl Heinz"]
[Result "1/2-1/2"]
[WhiteElo "1520"]
[BlackElo "1632"]
[PlyCount "100"]
[EventDate "2016.07.09"]
[EventType "swiss"]
[EventRounds "9"]
[EventCountry "GER"]
[SourceTitle "CBM 173 Extra"]
[Source "ChessBase"]
[SourceDate "2016.08.29"]
[SourceVersion "1"]
[SourceVersionDate "2016.08.29"]
[SourceQuality "1"]

1. d4 d5 2. c4 e6 3. Nc3 c5 4. e3 Nf6 5. Nf3 a6 6. cxd5 exd5 7. Bd3 Nc6 8. dxc5 Bxc5 9. 0-0 0-0 10. a3 Bg4 11. Be2 Rc8 12. Nd4 Bxe2 13. Nxc6 Rxc6 14. Nxe2 Ba7 15. Bd2 Ne4 16. Bc3 Nxc3 17. Nxc3 d4 18. exd4 Bxd4 19. Qf3 Bxc3 20. bxc3 Qc7 21. Rab1 b5 22. Rb3 Rc8 23. Re1 Rc4 24. Qe3 h6 25. Rc1 Qc5 26. Qxc5 R8xc5 27. Kf1 Rd5 28. Rb4 Rd2 29. Rxc4 bxc4 30. Rb1 Ra2 31. Rb4 Rxa3 32. Rxc4 Kf8 33. Ke2 Ke7 34. Ke3 Kd6 35. g4 g5 36. f4 Ra1 37. fxg5 hxg5 38. Ke4 Rf1 39. Kd3 Ra1 40. Ke4 Ra5 41. Rc8 Ke7 42. Ke3 f6 43. Kd4 Ra2 44. Kc5 Ra5+ 45. Kb6 Ra3 46. Rc7+ Kd8 47. Rf7 Rxc3 48. Rxf6 Rh3 49. Rf5 Rxh2 50. Rxg5 Ra2 1/2-1/2

[Event "Dortmund Sparkassen op-B 44th"]
[Site "Dortmund"]
[Date "2016.07.09"]
[Round "1"]
[White "Regber, Karl Heinz"]
[Black "Ophuels, Jan"]
[Result "0-1"]
[WhiteElo "1632"]
[BlackElo "1932"]
[PlyCount "45"]
[EventDate "2016.07.09"]
[EventType "swiss"]
[EventRounds "9"]
[EventCountry "GER"]
[SourceTitle "CBM 173 Extra"]
[Source "ChessBase"]
[SourceDate "2016.08.29"]
[SourceVersion "1"]
[SourceVersionDate "2016.08.29"]
[SourceQuality "1"]

1. Nf3 Nf6 2. d4 g6 3. g3 Bg7 4. Bg2 0-0 5. 0-0 d6 6. c4 a6 7. Nc3 Nc6 8. d5 Na5 9. Nd2 c5 10. dxc6 Nxc6 11. Nde4 Rb8 12. Nxf6+ Bxf6 13. Nd5 Bg7 14. Nc3 Ne5 15. Qb3 Be6 16. Bd5 Qc8 17. Bf4 Nxc4 18. Rfc1 b5 19. Bxc4 Qxc4 20. Qd1 Rfc8 21. b3 Qd4 22. Rab1 Rxc3 23. Qxd4 0-1

[Event "Dortmund Sparkassen op-B"]
[Site "Dortmund"]
[Date "2013.08.01"]
[Round "6"]
[White "Regber, Karl Heinz"]
[Black "Potyrala, Lukasz Rafal"]
[Result "1-0"]
[WhiteElo "1464"]
[BlackElo "1722"]
[PlyCount "53"]
[EventDate "2013.07.27"]
[EventType "swiss"]
[EventRounds "9"]
[EventCountry "GER"]
[SourceTitle "EXT 2022"]
[Source "ChessBase"]
[SourceDate "2021.10.06"]
[SourceVersion "1"]
[SourceVersionDate "2021.10.06"]
[SourceQuality "1"]

1. Nf3 e6 2. d4 d5 3. e3 Nf6 4. Bd3 c5 5. c3 Nc6 6. 0-0 c4 7. Bc2 Bd6 8. Nbd2 0-0 9. e4 Bf4 10. e5 Bxd2 11. Bxd2 Ne4 12. Qb1 Nxd2 13. Nxd2 h6 14. f4 Ne7 15. Nf3 Nf5 16. Qe1 g6 17. g4 Ne7 18. Qg3 Kg7 19. Kh1 Kh8 20. h4 Bd7 21. Rf2 b5 22. Nh2 h5 23. f5 exf5 24. gxf5 Kh7 25. fxg6+ Nxg6 26. Rxf7+ Kh6 27. Qxg6# 1-0

[Event "Dortmund Sparkassen op-B"]
[Site "Dortmund"]
[Date "2013.07.31"]
[Round "5"]
[White "Ropers, Klaus"]
[Black "Regber, Karl Heinz"]
[Result "1/2-1/2"]
[WhiteElo "1861"]
[BlackElo "1464"]
[PlyCount "142"]
[EventDate "2013.07.27"]
[EventType "swiss"]
[EventRounds "9"]
[EventCountry "GER"]
[SourceTitle "EXT 2022"]
[Source "ChessBase"]
[SourceDate "2021.10.06"]
[SourceVersion "1"]
[SourceVersionDate "2021.10.06"]
[SourceQuality "1"]

1. d4 d5 2. c4 e6 3. g3 c6 4. Qc2 dxc4 5. Qxc4 Qd5 6. Qxd5 exd5 7. Bg2 g6 8. Bf4 Bg7 9. Nf3 Ne7 10. Nc3 0-0 11. 0-0 Re8 12. Rfe1 f5 13. e3 Nd7 14. b4 Nf6 15. a4 Ne4 16. Rec1 Nxc3 17. Rxc3 a6 18. Rac1 Bd7 19. Ne5 Bxe5 20. Bxe5 Rac8 21. Bd6 Kf7 22. Bf1 a5 23. bxa5 Ra8 24. Rb3 Rxa5 25. Rxb7 Ke6 26. Bxe7 Rxe7 27. Rb4 Kd6 28. Kg2 Re8 29. h4 Kc7 30. Rc5 Rxc5 31. dxc5 Ra8 32. Kf3 Ra5 33. Kf4 h6 34. Ke5 g5 35. hxg5 hxg5 36. Kd4 g4 37. Bd3 Kd8 38. Bc2 Kc7 39. Rb1 Kd8 40. Rh1 Ke7 41. Rh7+ Kd8 42. Rg7 Ke8 43. Rg5 Kf7 44. Rh5 Ke7 45. Rh6 Kd8 46. Rf6 Ke7 47. Rd6 Ra8 48. Ke5 Ra5 49. Bxf5 Bxf5 50. Kxf5 Rxc5 51. Re6+ Kf7 52. Rh6 d4+ 53. Ke4 dxe3 54. Kxe3 Ke7 55. Rh4 Rc4 56. f3 Rxa4 57. fxg4 Ke6 58. g5 Ra3+ 59. Kf4 Ra4+ 60. Kf3 Ra3+ 61. Kg4 c5 62. Rh6+ Kf7 63. Rc6 Rc3 64. Kf4 Kg7 65. g4 Rc1 66. g6 Kh6 67. Kf5 Rf1+ 68. Ke5 Kg7 69. Rxc5 Kxg6 70. Rc4 Kg5 71. Re4 Rg1 1/2-1/2

[Event "Ruhrgebiet VK1 1213"]
[Site "Nordrheinwestfalen"]
[Date "2013.04.28"]
[Round "9.7"]
[White "Regber, Karl Heinz"]
[Black "Kunkel, Wolfgang"]
[Result "1/2-1/2"]
[WhiteElo "1470"]
[BlackElo "1799"]
[PlyCount "55"]
[EventDate "2012.09.02"]
[EventType "team-tourn"]
[EventRounds "9"]
[EventCountry "GER"]
[SourceTitle "EXT 2020"]
[Source "ChessBase"]
[SourceDate "2019.10.17"]
[SourceVersion "1"]
[SourceVersionDate "2019.10.17"]
[SourceQuality "1"]
[WhiteTeam "Rochade Eving"]
[BlackTeam "Buer Hassel"]
[WhiteTeamCountry "GER"]
[BlackTeamCountry "GER"]

1. d4 Nf6 2. Nf3 g6 3. e3 Bg7 4. Bd3 0-0 5. 0-0 d5 6. c3 c6 7. Nbd2 Qc7 8. Re1 Nbd7 9. Qc2 Re8 10. e4 dxe4 11. Nxe4 Nxe4 12. Bxe4 Nf6 13. Bg5 Be6 14. Bh4 Nxe4 15. Qxe4 Bd5 16. Qe3 Bxf3 17. Qxf3 e6 18. Bf6 Bxf6 19. Qxf6 Rad8 20. Rad1 Rd5 21. Re5 Red8 22. Rxd5 Rxd5 23. Qf3 Qd6 24. Re1 c5 25. dxc5 Qxc5 26. Rd1 Rxd1+ 27. Qxd1 Qf5 28. a3 1/2-1/2

[Event "Ruhrgebiet VK1 1213"]
[Site "Nordrheinwestfalen"]
[Date "2012.09.30"]
[Round "2.6"]
[White "Gaessner, Markus"]
[Black "Regber, Karl Heinz"]
[Result "1-0"]
[WhiteElo "1744"]
[BlackElo "1470"]
[PlyCount "67"]
[EventDate "2012.09.02"]
[EventType "team-tourn"]
[EventRounds "9"]
[EventCountry "GER"]
[SourceTitle "EXT 2020"]
[Source "ChessBase"]
[SourceDate "2019.10.17"]
[SourceVersion "1"]
[SourceVersionDate "2019.10.17"]
[SourceQuality "1"]
[WhiteTeam "Werne SK"]
[BlackTeam "Rochade Eving"]
[WhiteTeamCountry "GER"]
[BlackTeamCountry "GER"]

1. b3 e5 2. Bb2 Nc6 3. e3 d6 4. c4 Be7 5. Nf3 Bf6 6. d4 exd4 7. Nxd4 Nxd4 8. Bxd4 Bxd4 9. Qxd4 Nf6 10. Nc3 0-0 11. Be2 Bd7 12. 0-0-0 Bc6 13. Rhg1 Qe7 14. Nd5 Bxd5 15. cxd5 Rfd8 16. Bf3 c5 17. dxc6 bxc6 18. Kb1 d5 19. Rc1 Rac8 20. Rc5 Nd7 21. Rc2 Ne5 22. Rgc1 Rb8 23. Be2 Rb4 24. Qc5 Qxc5 25. Rxc5 g5 26. Ra5 Rd7 27. h3 f5 28. f3 Re7 29. Rc3 Nc4 30. Bxc4 dxc4 31. Rxf5 cxb3 32. Rxg5+ Kf7 33. axb3 Re6 34. e4 1-0

[Event "Ruhrgebiet VK1 1213"]
[Site "Nordrheinwestfalen"]
[Date "2012.09.02"]
[Round "1.4"]
[White "Regber, Karl Heinz"]
[Black "Wolf, Ulrich"]
[Result "0-1"]
[WhiteElo "1470"]
[BlackElo "2038"]
[PlyCount "85"]
[EventDate "2012.09.02"]
[EventType "team-tourn"]
[EventRounds "9"]
[EventCountry "GER"]
[SourceTitle "EXT 2020"]
[Source "ChessBase"]
[SourceDate "2019.10.17"]
[SourceVersion "1"]
[SourceVersionDate "2019.10.17"]
[SourceQuality "1"]
[WhiteTeam "Rochade Eving"]
[BlackTeam "Wattenscheid SV IV"]
[WhiteTeamCountry "GER"]
[BlackTeamCountry "GER"]

1. e4 c5 2. Nf3 e6 3. d3 Nc6 4. g3 g6 5. Bg2 Bg7 6. 0-0 d6 7. Re1 Nge7 8. c3 0-0 9. Be3 b6 10. d4 Bb7 11. dxc5 dxc5 12. Qc1 Qc7 13. Na3 a6 14. Bh6 Rfd8 15. Bxg7 Kxg7 16. Qe3 Rd7 17. Rad1 Rad8 18. Rxd7 Rxd7 19. Bf1 Qd8 20. Nc4 h6 21. Ncd2 e5 22. h4 Ng8 23. Nc4 Qc7 24. Bh3 Rd8 25. Qc1 Nf6 26. Ncd2 b5 27. Qc2 c4 28. b3 cxb3 29. axb3 Nb4 30. Qb1 Qxc3 31. Rc1 Qd3 32. Qa1 Bxe4 33. Rc3 Qd6 34. Re3 Bxf3 35. Nxf3 Nc2 36. Qxe5 Nxe3 37. Qxe3 Qd3 38. Qf4 Qxb3 39. g4 Qd1+ 40. Bf1 Qd6 41. Qxd6 Rxd6 42. g5 hxg5 43. hxg5 0-1

[Event "Dortmund Sparkassen op-B"]
[Site "Dortmund"]
[Date "2012.07.15"]
[Round "2"]
[White "Sherif, Malik"]
[Black "Regber, Karl Heinz"]
[Result "1/2-1/2"]
[WhiteElo "1287"]
[BlackElo "1591"]
[PlyCount "112"]
[EventDate "2012.07.14"]
[EventType "swiss"]
[EventRounds "9"]
[EventCountry "GER"]
[SourceTitle "EXT 2014"]
[Source "ChessBase"]
[SourceDate "2013.11.20"]
[SourceVersion "1"]
[SourceVersionDate "2013.11.20"]
[SourceQuality "1"]

1. Nf3 g6 2. c4 Bg7 3. d4 d6 4. g3 c6 5. Bg2 Nf6 6. 0-0 Bg4 7. h3 Be6 8. Qb3 Qb6 9. Qxb6 axb6 10. b3 Nfd7 11. Bb2 d5 12. Nbd2 0-0 13. Ng5 h6 14. Nxe6 fxe6 15. h4 Na6 16. Bh3 Nc7 17. e3 Rad8 18. Ba3 Rf7 19. Rfd1 c5 20. Nb1 cxd4 21. exd4 e5 22. cxd5 exd4 23. Bb2 Nf6 24. Bxd4 Nfxd5 25. Bxg7 Kxg7 26. Nc3 Rff8 27. Nxd5 Nxd5 28. Bg2 e6 29. Rac1 Rc8 30. Rxc8 Rxc8 31. Bxd5 exd5 32. Rxd5 Rc1+ 33. Kg2 Rc6 34. Rd7+ Kf6 35. Rxb7 g5 36. hxg5+ hxg5 37. Rd7 g4 38. Rd4 Kg5 39. Rd5+ Kg6 40. a4 Kf7 41. Rg5 Rc3 42. Rxg4 Rxb3 43. Re4 Kf6 44. f4 Kf5 45. Rd4 Kg4 46. f5+ Kxf5 47. Rf4+ Kg5 48. Rf3 Rb2+ 49. Rf2 Rb3 50. Rf4 Rb2+ 51. Kf3 Rb3+ 52. Kg2 Rb1 53. Rf1 Rb4 54. Ra1 Kg4 55. a5 Rb2+ 56. Kf1 bxa5 1/2-1/2

[Event "Ruhrgebiet VK1 1112"]
[Site "Nordrheinwestfalen"]
[Date "2011.10.09"]
[Round "2.8"]
[White "Schulz, Marcus"]
[Black "Regber, Karl Heinz"]
[Result "1/2-1/2"]
[WhiteElo "1644"]
[BlackElo "1634"]
[PlyCount "93"]
[EventDate "2012.09.18"]
[EventType "team-tourn"]
[EventRounds "9"]
[EventCountry "GER"]
[SourceTitle "EXT 2020"]
[Source "ChessBase"]
[SourceDate "2019.10.17"]
[SourceVersion "1"]
[SourceVersionDate "2019.10.17"]
[SourceQuality "1"]
[WhiteTeam "Oberhausen SW"]
[BlackTeam "Rochade Eving"]
[WhiteTeamCountry "GER"]
[BlackTeamCountry "GER"]

1. d4 d5 2. Nf3 e6 3. e3 Nf6 4. Bd3 c5 5. c3 Nc6 6. Nbd2 cxd4 7. exd4 Bd6 8. 0-0 0-0 9. Re1 Qc7 10. Nf1 Bf4 11. Be3 b6 12. Qd2 Bxe3 13. Qxe3 Bb7 14. Ng3 Rae8 15. Qg5 Ne7 16. Nh5 Nxh5 17. Qxh5 g6 18. Qh6 Nf5 19. Bxf5 exf5 20. Ng5 f6 21. Ne6 Qe7 22. Re3 Rf7 23. Ng5 fxg5 24. Rxe7 Rfxe7 25. g4 fxg4 26. Qxg5 Kg7 27. Qxg4 Re4 28. Qg3 h5 29. h3 R8e7 30. a4 Bc8 31. b4 h4 32. Qd3 Bf5 33. Qf1 Re2 34. Kh2 Bd3 35. Qg1 R7e3 36. Rd1 Bf5 37. Qg2 Bxh3 38. Qxd5 Rxf2+ 39. Kg1 Rf7 40. c4 Bg4 41. Rd2 Re1+ 42. Kg2 Re3 43. Qg5 Rg3+ 44. Kh2 Rh3+ 45. Kg2 Rg3+ 46. Kh2 Rh3+ 47. Kg2 1/2-1/2